| 000 | 01550nam0a22003491 4500 | ||
|---|---|---|---|
| 001 | rc\3405897 | ||
| 005 | 20250610000015.0 | ||
| 021 |
_aRU _b[71-73350] |
||
| 035 | _a(NLR Aleph) 007575615 | ||
| 090 |
_a5452699 _c5452699 |
||
| 100 | _a20130115d1971 |||y0rusy50 ca | ||
| 101 | 0 |
_arus _aeng _ager _afre |
|
| 102 | _aRU | ||
| 105 | _aa z ||||| | ||
| 200 | 1 |
_aРостов Великий _e[Фотоальбом _fФотогр. И. Стин и А. Фирсова _gАвт. текста Е. Арапов] |
|
| 210 |
_aМосква _cСов. Россия _d1971 |
||
| 215 |
_a168 с. _cил. _d22х21 |
||
| 225 | 1 | _a[Памятники архитектуры русских городов] | |
| 300 | _aТекст и подписи парал. на рус., англ., нем. и фр. яз. | ||
| 320 | _aСписок лит. в конце книги (5 назв.) | ||
| 606 |
_aХрамовая архитектура, древнерусская _jФотоальбомы _2psbo |
||
| 606 |
_aДревнерусское декоративно-прикладное искусство _jФотоальбомы _2psbo |
||
| 606 |
_aИконопись древнерусская _jФотоальбомы _2psbo |
||
| 606 |
_aАрхитектурные памятники _yРостов _jФотоальбомы _2psbo |
||
| 702 | 1 |
_aФирсов _bА. _4440 |
|
| 702 | 1 |
_aАрапов _bЕ. _4570 |
|
| 702 | 1 |
_aСтин _bИ. _4440 |
|
| 801 | 0 |
_aRU _bNLR _gpsbo |
|
| 801 | 1 |
_aRU _bELAR _2rusmarc |
|
| 852 |
_aNLR _jЭ АлТ63/2-Р783 |
||
| 942 | _cBOOK | ||
| 980 | _aNB | ||